An introduction to thermalphysics
Đã lưu trong:
| Tác giả chính: | |
|---|---|
| Định dạng: | Sách |
| Ngôn ngữ: | Tiếng Anh |
| Được phát hành: |
Cambridge
Cambridge University Press
1987
|
| Những chủ đề: | |
| Các nhãn: |
Thêm thẻ
Không có thẻ, Là người đầu tiên thẻ bản ghi này!
|
MARC
| LEADER | 00000nam a2200000 a 4500 | ||
|---|---|---|---|
| 001 | UCW8048 | ||
| 003 | CL-VaPUC | ||
| 008 | 880415e19870000UK |||||||||||||||||eng|d | ||
| 082 | 0 | 4 | |a 536 |b ADK |2 21 |
| 100 | 0 | |a Adkins, C. J |e author |9 313155 | |
| 245 | 1 | 3 | |a An introduction to thermalphysics |
| 300 | |a 134 p | ||
| 942 | |c BK | ||
| 945 | |d 19880415 00:00:00 | ||
| 260 | |a Cambridge |b Cambridge University Press |c 1987 | ||
| 650 | 0 | |a Calor |9 260253 | |
| 650 | 0 | |a Termodinámica |9 259320 | |
| 650 | 7 | |a TEORIA CINETICA DE LOS GASES |2 CL-VaPUC |9 260954 | |
| 583 | |a last modification |c 20120606 10:43:53 |k Rodrigo Vera | ||
| 999 | |c 220549 |d 220547 | ||
| 952 | |0 0 |1 0 |4 0 |6 536_000000000000000_ADK_1987 |7 0 |8 A |9 212950 |a BIBCUR |b BIBCUR |d 2019-11-15 |i 3623963 |o 536 ADK 1987 |p 3623963 |r 2025-04-22 |w 2019-11-15 |y BK |k FIS | ||